[Event "TUN-ch sf"]
[Site "Monastir"]
[Date "2024.03.23"]
[Round "4"]
[White "Neji, Mohamed"]
[Black "Gharsallah, Seif"]
[Result "0-1"]
[WhiteElo "1695"]
[BlackElo "1510"]
[PlyCount "38"]
[EventDate "2024.03.21"]
[EventType "swiss"]
[EventRounds "9"]
[EventCountry "TUN"]
[SourceTitle "CB15_2024"]
[SourceDate "2024.04.10"]
[SourceVersion "1"]
[SourceVersionDate "2024.04.10"]
[SourceQuality "1"]

1. d4 Nf6 2. Bf4 d5 3. e3 c5 4. c3 Nc6 5. Nf3 Qb6 6. Qc2 Bf5 7. Qb3 c4 8. Qxb6 axb6 9. Nbd2 b5 10. Be2 b4 11. 0-0 e6 12. Rfc1 h6 13. h3 bxc3 14. bxc3 Ba3 15. Rf1 Bb2 16. Rab1 Bxb1 17. Rxb1 Rxa2 18. Nxc4 dxc4 19. Bxc4 Ra1 0-1